000 00895nam a22002417a 4500
005 20170124110249.0
010 _aA-820974
020 _c300.00
_a8170247829
035 _aA-820974
037 _bCen Lib/Ret
040 _aDPL
_bEN
082 _a363.9
_bKOS
100 _aKoshal, Rajeev
_998443
245 _aPopulation growth and family welfare programme in India :
_ba case study /
_cby Rajeev Koshal; edited by R P Tiwari
260 _aNew Delhi
_bA.P.H. Publishing
_c1996
270 _a5, Ansari Raod, Darya Ganj
_bNew Delhi
_e110002
300 _axxv,187p.
_c21cm(Hb)
_emaps
500 _aIncludes bibliographical references and index
650 _aSeoni (India : District) -- Population -- Case study.
_998444
650 _aBirth control -- India -- Seoni (District) -- Case study.
_998445
700 _aTiwari, R P
_970642
942 _2ddc
_cEN
_h363.9
_mKOS
999 _c135782
_d135782